000
00205 a2200097 4500
001
45964
100
_a
Robinson B
245
_a
The science
260
_a
London
_b
Macmillan & Co
_c
090
_c
29081
_d
29081
942
_a
NUST-CAE
_c
M
_c
21204
999
_c
281037
_d
281037